[Event "CAN-op"]
[Site "Kapuskasing CAN"]
[Date "2004.07.15"]
[Round "7"]
[White "Miller, Evgeny"]
[Black "Gokhale, Chandrashekhar"]
[Result "0-1"]
[WhiteElo "2193"]
[BlackElo "2407"]
[PlyCount "68"]
[GameId "2160767911095360"]
[EventDate "2004.07.10"]
[EventType "swiss"]
[EventRounds "10"]
[EventCountry "CAN"]
[SourceTitle "CBM 101 Extra"]
[Source "ChessBase"]
[SourceDate "2004.09.01"]
[SourceVersion "2"]
[SourceVersionDate "2004.09.01"]
[SourceQuality "1"]

1. e4 e5 2. Nf3 Nc6 3. d4 exd4 4. Bc4 Nf6 5. e5 d5 6. Bb5 Ne4 7. Nxd4 Bd7 8. Bxc6 bxc6 9. O-O Bc5 10. c3 Qe7 11. f3 Ng5 12. Nd2 f5 13. f4 Ne6 14. N2b3 Bb6 15. Kh1 O-O 16. Qc2 g6 17. Be3 Nd8 18. Bf2 c5 19. Nf3 Ne6 20. Qd2 Bc6 21. Rad1 a5 22. Bh4 Qd7 23. Bf6 a4 24. Nc1 d4 25. Nh4 Be4 26. Ne2 Qd5 27. Ng3 c4 28. Nxe4 Qxe4 29. cxd4 Bxd4 30. Rde1 Qd3 31. Qb4 Rfb8 32. Qe7 Ra6 33. Rf3 Qd2 34. Ref1 Bc5 0-1

[Event "CAN-op"]
[Site "Kapuskasing CAN"]
[Date "2004.07.15"]
[Round "7"]
[White "Moiseenko, Alexander"]
[Black "Nataf, Igor A"]
[Result "1/2-1/2"]
[WhiteElo "2640"]
[BlackElo "2553"]
[PlyCount "116"]
[GameId "2160767911095362"]
[EventDate "2004.07.10"]
[EventType "swiss"]
[EventRounds "10"]
[EventCountry "CAN"]
[SourceTitle "CBM 101 Extra"]
[Source "ChessBase"]
[SourceDate "2004.09.01"]
[SourceVersion "2"]
[SourceVersionDate "2004.09.01"]
[SourceQuality "1"]

1. e4 c5 2. Nf3 Nf6 3. e5 Nd5 4. Nc3 Nxc3 5. dxc3 Nc6 6. Bf4 h6 7. Bd3 e6 8. Qd2 Qc7 9. h4 b6 10. O-O-O Bb7 11. Be4 O-O-O 12. h5 Na5 13. Rhe1 Bxe4 14. Rxe4 Qc6 15. Qd3 f5 16. exf6 gxf6 17. b4 d5 18. Qa6+ Nb7 19. b5 Qd7 20. Qxa7 Bd6 21. Bxd6 Nxd6 22. Qxd7+ Kxd7 23. Rf4 Nxb5 24. Rxf6 Rdf8 25. Rxf8 Rxf8 26. Rd3 Ke7 27. Re3 Nd6 28. Re2 Rf5 29. Re5 Rf4 30. Re2 Rf5 31. Re5 Rf4 32. Re2 Nc4 33. Nd2 Nxd2 34. Kxd2 Rh4 35. g3 Rxh5 36. Re1 Kd6 37. Rb1 Kc6 38. Re1 e5 39. c4 dxc4 40. a4 Rf5 41. Kc3 Rf3+ 42. Kxc4 Rxf2 43. Rxe5 Rxc2+ 44. Kb3 Rg2 45. Re6+ Kb7 46. a5 Rxg3+ 47. Kc2 bxa5 48. Rxh6 a4 49. Kb2 Rb3+ 50. Ka2 Rb5 51. Rh4 Rb4 52. Rh6 Rb3 53. Rh4 Rb4 54. Rh6 Rb6 55. Rh4 Ra6 56. Ka3 Kc6 57. Rh6+ Kb7 58. Rxa6 Kxa6 1/2-1/2

[Event "CAN-op"]
[Site "Kapuskasing CAN"]
[Date "2004.07.15"]
[Round "7"]
[White "Nadeau, Benoit"]
[Black "Lipnowski, Samuel"]
[Result "0-1"]
[WhiteElo "1756"]
[BlackElo "2127"]
[PlyCount "58"]
[GameId "2160767911095363"]
[EventDate "2004.07.10"]
[EventType "swiss"]
[EventRounds "10"]
[EventCountry "CAN"]
[SourceTitle "EXT 2022"]
[Source "ChessBase"]
[SourceDate "2021.10.06"]
[SourceVersion "1"]
[SourceVersionDate "2021.10.06"]
[SourceQuality "1"]

1. Nf3 g6 2. e4 c5 3. c4 Bg7 4. Nc3 Nc6 5. Be2 Nf6 6. d3 O-O 7. O-O Rb8 8. Rb1 a6 9. Bf4 d6 10. Qc1 Re8 11. Bh6 Bh8 12. h3 b5 13. Nh2 Nd4 14. Be3 Nxe2+ 15. Nxe2 bxc4 16. dxc4 Nxe4 17. f3 Nf6 18. Ng3 h5 19. h4 Qa5 20. a3 Rb3 21. Bd2 Qa4 22. Rf2 Be6 23. Nhf1 Bxc4 24. Bc3 Bd3 25. Ra1 Qxh4 26. Nd2 Rxc3 27. Qxc3 Qxg3 28. Nf1 Bxf1 29. Kxf1 Nd5 0-1

[Event "CAN-op"]
[Site "Kapuskasing CAN"]
[Date "2004.07.15"]
[Round "7"]
[White "Nickoloff, Bryon"]
[Black "Huzman, Alexander"]
[Result "0-1"]
[WhiteElo "2405"]
[BlackElo "2588"]
[PlyCount "54"]
[GameId "2160767911095365"]
[EventDate "2004.07.10"]
[EventType "swiss"]
[EventRounds "10"]
[EventCountry "CAN"]
[SourceTitle "CBM 101 Extra"]
[Source "ChessBase"]
[SourceDate "2004.09.01"]
[SourceVersion "2"]
[SourceVersionDate "2004.09.01"]
[SourceQuality "1"]

1. d4 Nf6 2. c4 g6 3. Nc3 Bg7 4. e4 d6 5. Be2 O-O 6. Nf3 e5 7. Be3 Ng4 8. Bg5 f6 9. Bh4 g5 10. Bg3 Nh6 11. dxe5 dxe5 12. c5 Be6 13. Qa4 c6 14. Bc4 Qe7 15. Qb3 Bf7 16. Na4 Na6 17. Rc1 f5 18. exf5 Nxf5 19. O-O g4 20. Nd2 h5 21. Rfe1 Rad8 22. Bxf7+ Rxf7 23. Nc4 Rd5 24. Ne3 Nxe3 25. fxe3 h4 26. Bf2 e4 27. Qc2 Nb4 0-1

[Event "CAN-op"]
[Site "Kapuskasing CAN"]
[Date "2004.07.15"]
[Round "7"]
[White "Robinson, Kenneth"]
[Black "Doubleday, William"]
[Result "1/2-1/2"]
[WhiteElo "1944"]
[BlackElo "2086"]
[PlyCount "93"]
[GameId "2160767911095366"]
[EventDate "2004.07.10"]
[EventType "swiss"]
[EventRounds "10"]
[EventCountry "CAN"]

1. c4 e5 2. Nc3 Nf6 3. g3 Nc6 4. Bg2 Bb4 5. a3 Bxc3 6. dxc3 O-O 7. Bg5 h6 8. Bxf6 Qxf6 9. Nf3 d6 10. O-O Bf5 11. Nd2 Qe6 12. e4 Bh3 13. Qe2 Bxg2 14. Kxg2 f5 15. exf5 Rxf5 16. f4 Qg6 17. Qe4 Kh7 18. fxe5 Rxe5 19. Qxg6+ Kxg6 20. Rae1 Rae8 21. Rxe5 Rxe5 22. Nf3 Re2+ 23. Rf2 Rxf2+ 24. Kxf2 Ne5 25. b3 Nxf3 26. Kxf3 Kf5 27. h3 h5 28. Ke3 c5 29. b4 b6 30. b5 Ke5 31. h4 d5 32. cxd5 Kxd5 33. Kd3 Ke5 34. Ke3 Kf5 35. c4 Ke5 36. Kd3 Kf5 37. Ke3 Kg4 38. Kf2 Kf5 39. Kf3 g6 40. Ke3 g5 41. hxg5 Kxg5 42. Kf3 Kf5 43. Ke3 Kg4 44. Kf2 Kg5 45. Ke3 Kf5 46. Kf3 Ke5 47. Ke3 1/2-1/2

[Event "CAN-op"]
[Site "Kapuskasing CAN"]
[Date "2004.07.15"]
[Round "7"]
[White "Rohanchuk, Edward"]
[Black "Betaneli, Alexander"]
[Result "0-1"]
[WhiteElo "1957"]
[BlackElo "2318"]
[PlyCount "80"]
[GameId "2160767911095367"]
[EventDate "2004.07.10"]
[EventType "swiss"]
[EventRounds "10"]
[EventCountry "CAN"]

1. Nf3 d5 2. g3 c5 3. Bg2 Nc6 4. O-O e5 5. c4 d4 6. d3 Nge7 7. a3 Ng6 8. h4 Be7 9. h5 Nf8 10. b4 cxb4 11. axb4 Bxb4 12. Qa4 Nd7 13. h6 g6 14. Ng5 Be7 15. f4 O-O 16. Ba3 Bxg5 17. Bxf8 Nxf8 18. fxg5 Qxg5 19. Kf2 Qe3+ 20. Ke1 Qxg3+ 21. Rf2 Bh3 22. Bxh3 e4 23. dxe4 Qxh3 24. Nd2 Qh1+ 25. Rf1 Qh4+ 26. Kd1 Rd8 27. Qa3 Qxh6 28. Qb2 d3 29. e3 Rd7 30. Kc1 Qxe3 31. Ra3 Ne6 32. Kb1 Ned4 33. Qc1 Nc2 34. Ra4 a6 35. Rf3 Qg5 36. Rf2 N6d4 37. Qh1 Ne2 38. Nf3 Nc3+ 39. Kb2 Nxa4+ 40. Kb3 Qa5 0-1

[Event "CAN-op"]
[Site "Kapuskasing CAN"]
[Date "2004.07.15"]
[Round "7"]
[White "Spraggett, Kevin"]
[Black "Mikhalevski, Victor"]
[Result "1-0"]
[WhiteElo "2584"]
[BlackElo "2551"]
[PlyCount "59"]
[GameId "2160767911095369"]
[EventDate "2004.07.10"]
[EventType "swiss"]
[EventRounds "10"]
[EventCountry "CAN"]
[SourceTitle "CBM 101 Extra"]
[Source "ChessBase"]
[SourceDate "2004.09.01"]
[SourceVersion "2"]
[SourceVersionDate "2004.09.01"]
[SourceQuality "1"]

1. e4 e5 2. Nf3 Nc6 3. Bb5 a6 4. Ba4 Nf6 5. O-O Nxe4 6. d4 b5 7. Bb3 d5 8. dxe5 Be6 9. c3 Be7 10. Nbd2 O-O 11. Bc2 f5 12. Nd4 Nxd4 13. cxd4 c5 14. dxc5 Nxd2 15. Bxd2 Bxc5 16. Bb3 Qb6 17. Qf3 Rad8 18. Rac1 f4 19. Ba5 Bxf2+ 20. Qxf2 Qxa5 21. Rc6 Bc8 22. e6 Rde8 23. Bxd5 Kh8 24. e7 Rf6 25. Qc5 Bg4 26. Rxf6 gxf6 27. Bf7 Bd7 28. Qd4 Kg7 29. Bxe8 Bxe8 30. Qd8 1-0

[Event "CAN-op"]
[Site "Kapuskasing CAN"]
[Date "2004.07.15"]
[Round "7"]
[White "Thorvardson, Barry"]
[Black "Henry, Liam"]
[Result "1-0"]
[WhiteElo "1945"]
[BlackElo "2158"]
[PlyCount "99"]
[GameId "2160767911095370"]
[EventDate "2004.07.10"]
[EventType "swiss"]
[EventRounds "10"]
[EventCountry "CAN"]

1. e4 c5 2. Nf3 d6 3. d4 cxd4 4. Nxd4 Nf6 5. Nc3 a6 6. Bg5 Qb6 7. Nb3 e6 8. Qe2 Nbd7 9. O-O-O Be7 10. f4 Qc7 11. g4 b5 12. a3 Bb7 13. Bg2 Rc8 14. Kb1 Nb6 15. Rhe1 Nc4 16. e5 Bxg2 17. exd6 Bxd6 18. Bxf6 gxf6 19. Qxg2 Nxa3+ 20. Ka2 Be7 21. f5 b4 22. fxe6 bxc3 23. exf7+ Kxf7 24. Qd5+ Kf8 25. bxa3 Rd8 26. Qf5 Kg7 27. g5 fxg5 28. Nd4 Rxd4 29. Rxd4 Rd8 30. Rxd8 Qxd8 31. Qe6 Bf6 32. Rb1 Qc7 33. Qd5 Qf7 34. Rb7 Be7 35. Qxf7+ Kxf7 36. Ra7 h5 37. Rxa6 g4 38. Kb3 Bf6 39. Rc6 Be5 40. Rh6 Bxh2 41. Rxh5 g3 42. Rg5 Kf6 43. Rg8 Kf5 44. Kxc3 Kf4 45. Kd3 Kf3 46. Rf8+ Kg2 47. c4 Bg1 48. a4 Bf2 49. Ke2 Kh2 50. Rxf2+ 1-0

[Event "CAN-op"]
[Site "Kapuskasing CAN"]
[Date "2004.07.15"]
[Round "7"]
[White "Tyomkin, Dimitri"]
[Black "Wang, David"]
[Result "1-0"]
[WhiteElo "2498"]
[BlackElo "2110"]
[PlyCount "79"]
[GameId "2160767911095372"]
[EventDate "2004.07.10"]
[EventType "swiss"]
[EventRounds "10"]
[EventCountry "CAN"]
[SourceTitle "CBM 101 Extra"]
[Source "ChessBase"]
[SourceDate "2004.09.01"]
[SourceVersion "2"]
[SourceVersionDate "2004.09.01"]
[SourceQuality "1"]

1. e4 e5 2. Nf3 Nc6 3. Bb5 a6 4. Ba4 Nf6 5. O-O Nxe4 6. d4 b5 7. Bb3 d5 8. dxe5 Be6 9. c3 Bc5 10. Qd3 O-O 11. Be3 Bxe3 12. Qxe3 f5 13. exf6 Qxf6 14. Nbd2 Nxd2 15. Qxd2 Rad8 16. Nd4 Bf7 17. a4 Na5 18. axb5 Nxb3 19. Nxb3 axb5 20. Qd4 Rfe8 21. Rfe1 Re4 22. Qxf6 gxf6 23. f3 Rc4 24. Na5 Ra4 25. Nc6 Rxa1 26. Rxa1 Rd6 27. Ra8+ Kg7 28. Nd4 Rb6 29. b4 Rb7 30. Ra5 Be8 31. Ne6+ Kh6 32. Ra8 Bg6 33. Nc5 Rb6 34. Kf2 Kg5 35. Ke3 Rd6 36. Rc8 c6 37. g3 Kf5 38. Kd4 Kg5 39. Rd8 Rxd8 40. Ne6+ 1-0

[Event "CAN-op"]
[Site "Kapuskasing CAN"]
[Date "2004.07.15"]
[Round "7"]
[White "Yuan, Michael"]
[Black "Krnan, Tomas"]
[Result "0-1"]
[WhiteElo "2010"]
[BlackElo "2397"]
[PlyCount "44"]
[GameId "2160767911095373"]
[EventDate "2004.07.10"]
[EventType "swiss"]
[EventRounds "10"]
[EventCountry "CAN"]

1. e4 e5 2. Nf3 Nc6 3. Bb5 a6 4. Ba4 Nf6 5. Qe2 b5 6. Bb3 Be7 7. O-O O-O 8. c3 d6 9. d3 h6 10. Re1 Re8 11. Nbd2 d5 12. exd5 Nxd5 13. Qe4 Be6 14. Nxe5 Nxe5 15. Qxe5 Bd6 16. Qh5 Nf4 17. Qd1 Bg4 18. Rxe8+ Qxe8 19. Nf3 Bxf3 20. gxf3 Qe5 21. h4 Re8 22. Be3 Qf6 0-1

[Event "CAN-op"]
[Site "Kapuskasing CAN"]
[Date "2004.07.15"]
[Round "7"]
[White "Zatonskih, Anna"]
[Black "Tessier, Olivier"]
[Result "1-0"]
[WhiteElo "2445"]
[BlackElo "2141"]
[PlyCount "65"]
[GameId "2160767911095374"]
[EventDate "2004.07.10"]
[EventType "swiss"]
[EventRounds "10"]
[EventCountry "CAN"]
[SourceTitle "CBM 101 Extra"]
[Source "ChessBase"]
[SourceDate "2004.09.01"]
[SourceVersion "2"]
[SourceVersionDate "2004.09.01"]
[SourceQuality "1"]

1. e4 c5 2. Nf3 Nf6 3. Nc3 e6 4. d4 d5 5. e5 Nfd7 6. dxc5 Bxc5 7. Bd3 Nc6 8. Bf4 f6 9. exf6 Nxf6 10. O-O O-O 11. Ne5 Ne4 12. Bxe4 Rxf4 13. Nd3 Rxe4 14. Nxe4 Bb6 15. Ng3 e5 16. Qd2 Be6 17. b4 e4 18. Nc5 Bf7 19. c3 Ne5 20. f3 exf3 21. gxf3 h5 22. Kh1 h4 23. Nf5 Qf6 24. Nd4 Bc7 25. Nxb7 Nc4 26. Qf2 Qf4 27. Nc5 Re8 28. Rae1 Ne3 29. Nce6 Rxe6 30. Nxe6 Bxe6 31. Rxe3 Bb6 32. Rfe1 h3 33. Qg3 1-0

[Event "CAN-op"]
[Site "Kapuskasing CAN"]
[Date "2004.07.16"]
[Round "8"]
[White "Betaneli, Alexander"]
[Black "Epishin, Vladimir"]
[Result "1/2-1/2"]
[WhiteElo "2228"]
[BlackElo "2635"]
[PlyCount "80"]
[GameId "2160767911095376"]
[EventDate "2004.07.10"]
[EventType "swiss"]
[EventRounds "10"]
[EventCountry "CAN"]
[SourceTitle "CBM 101 Extra"]
[Source "ChessBase"]
[SourceDate "2004.09.01"]
[SourceVersion "2"]
[SourceVersionDate "2004.09.01"]
[SourceQuality "1"]

1. d4 Nf6 2. c4 e6 3. Nf3 b6 4. a3 Bb7 5. Nc3 d5 6. Bg5 Be7 7. Qa4+ c6 8. Bxf6 Bxf6 9. cxd5 exd5 10. g3 O-O 11. Bg2 Na6 12. O-O c5 13. e3 Nc7 14. Rfd1 Qe7 15. Rac1 Rfd8 16. h4 a5 17. Qb3 c4 18. Qxb6 Rdb8 19. Qc5 Qd8 20. Ne5 Ra6 21. Nxd5 Nxd5 22. Qxc4 Re6 23. Qa4 Nxe3 24. fxe3 Bxg2 25. Kxg2 Qd5+ 26. Kh3 Bxe5 27. dxe5 Qxe5 28. Qf4 h5 29. b4 axb4 30. axb4 Qb5 31. Rc5 Qe8 32. Rdc1 Rxe3 33. Qxb8 Qxb8 34. Rc8+ Qxc8+ 35. Rxc8+ Kh7 36. b5 Re2 37. b6 Rb2 38. Rc7 Rxb6 39. Rxf7 Kg6 40. Rf3 Rd6 1/2-1/2

[Event "CAN-op"]
[Site "Kapuskasing CAN"]
[Date "2004.07.16"]
[Round "8"]
[White "Doubleday, William"]
[Black "Wong, Wylon"]
[Result "0-1"]
[WhiteElo "2086"]
[BlackElo "1761"]
[PlyCount "120"]
[GameId "2160767911095378"]
[EventDate "2004.07.10"]
[EventType "swiss"]
[EventRounds "10"]
[EventCountry "CAN"]
[SourceTitle "EXT 2022"]
[Source "ChessBase"]
[SourceDate "2021.10.06"]
[SourceVersion "1"]
[SourceVersionDate "2021.10.06"]
[SourceQuality "1"]

1. e4 d6 2. d4 Nf6 3. Nc3 c6 4. Nf3 Bg4 5. h3 Bh5 6. Bd3 e6 7. O-O d5 8. Bg5 Be7 9. exd5 cxd5 10. Re1 Nc6 11. Be2 O-O 12. Ne5 Bxe2 13. Nxe2 Qc7 14. Ng3 Rfc8 15. c3 b5 16. Rc1 Qb6 17. Bxf6 Bxf6 18. Qg4 Nxe5 19. dxe5 Rc4 20. Qe2 Bg5 21. Rcd1 b4 22. Rd3 bxc3 23. Rxc3 Rxc3 24. bxc3 Rc8 25. Qg4 Bh6 26. Ne2 Rc4 27. Qf3 Qb2 28. Qd3 Qxa2 29. Qb1 Qxb1 30. Rxb1 g6 31. Rb8+ Kg7 32. g3 Bd2 33. Rb2 Bxc3 34. Rc2 Bxe5 35. Ra2 Rc7 36. f4 Bd6 37. Kf2 Bc5+ 38. Kf3 Bb6 39. g4 a5 40. f5 e5 41. g5 gxf5 42. h4 Rc4 43. h5 f4 44. Kg4 a4 45. Rb2 Bd4 46. Nxd4 Rxd4 47. Kf5 Re4 48. h6+ Kf8 49. Kf6 Ke8 50. Kg7 f3 51. Kxh7 Rg4 52. Rb8+ Ke7 53. Rb7+ Ke6 54. Rb6+ Kf5 55. Rf6+ Kxg5 56. Rxf7 Rh4 57. Rg7+ Kf4 58. Rf7+ Ke3 59. Kg7 f2 60. h7 Ke2 0-1

[Event "CAN-op"]
[Site "Kapuskasing CAN"]
[Date "2004.07.16"]
[Round "8"]
[White "Gokhale, Chandrashekhar"]
[Black "Zatonskih, Anna"]
[Result "1/2-1/2"]
[WhiteElo "2407"]
[BlackElo "2445"]
[PlyCount "85"]
[GameId "2160767911095379"]
[EventDate "2004.07.10"]
[EventType "swiss"]
[EventRounds "10"]
[EventCountry "CAN"]
[SourceTitle "CBM 101 Extra"]
[Source "ChessBase"]
[SourceDate "2004.09.01"]
[SourceVersion "2"]
[SourceVersionDate "2004.09.01"]
[SourceQuality "1"]

1. d4 e6 2. c4 Nf6 3. Nc3 Bb4 4. Bg5 h6 5. Bh4 c5 6. d5 Bxc3+ 7. bxc3 d6 8. e3 Qe7 9. Nf3 e5 10. Qc2 g5 11. Bg3 Nh5 12. Nd2 f5 13. Be2 Ng7 14. f4 O-O 15. Kf2 h5 16. h4 gxf4 17. exf4 Nd7 18. Rhe1 exf4 19. Bxf4 Qxh4+ 20. Bg3 Qf6 21. Nf3 Ne5 22. Bh4 Qg6 23. Bd3 Re8 24. Bg3 Ng4+ 25. Kg1 Bd7 26. Qd2 Rxe1+ 27. Rxe1 Re8 28. Rxe8+ Nxe8 29. Qf4 Qh6 30. Qxh6 Nxh6 31. Nh4 Kg7 32. Bf4 a6 33. Kf1 b5 34. Ke2 b4 35. cxb4 cxb4 36. Kd2 a5 37. Kc2 Nf7 38. Nxf5+ Kf6 39. Ng3 h4 40. Nh5+ Ke7 41. Bg6 Bg4 42. Be3 Nf6 43. Nxf6 1/2-1/2

[Event "CAN-op"]
[Site "Kapuskasing CAN"]
[Date "2004.07.16"]
[Round "8"]
[White "Goletiani, Rusudan"]
[Black "Powell, Bryson"]
[Result "1-0"]
[WhiteElo "2334"]
[BlackElo "2009"]
[PlyCount "39"]
[GameId "2160767911095380"]
[EventDate "2004.07.10"]
[EventType "swiss"]
[EventRounds "10"]
[EventCountry "CAN"]

1. Nf3 f5 2. c4 Nf6 3. Nc3 e6 4. d3 b6 5. e4 fxe4 6. dxe4 Bb7 7. Bd3 d6 8. O-O Nbd7 9. b4 a5 10. Nd4 Kf7 11. b5 g6 12. f4 e5 13. Nf3 h6 14. Nd5 Bg7 15. fxe5 Nxe5 16. Bb2 Re8 17. Nxe5+ dxe5 18. Qf3 Re6 19. c5 bxc5 20. Bc4 1-0

[Event "CAN-op"]
[Site "Kapuskasing CAN"]
[Date "2004.07.16"]
[Round "8"]
[White "Graves, Charles"]
[Black "Bluvshtein, Ilia"]
[Result "1/2-1/2"]
[WhiteElo "1972"]
[BlackElo "2173"]
[PlyCount "54"]
[GameId "2160767911095381"]
[EventDate "2004.07.10"]
[EventType "swiss"]
[EventRounds "10"]
[EventCountry "CAN"]

1. f4 d5 2. b3 c5 3. e3 Nc6 4. Bb5 Nf6 5. Bxc6+ bxc6 6. Nf3 g6 7. Bb2 Bg7 8. O-O Ba6 9. d3 c4 10. Re1 cxd3 11. cxd3 O-O 12. Na3 Qa5 13. Rc1 Rac8 14. Rc2 c5 15. Qd2 Qb6 16. Rec1 Rfd8 17. Kh1 Ne8 18. Bxg7 Kxg7 19. d4 Qb4 20. Nb1 Qxd2 21. Nbxd2 cxd4 22. Nxd4 Nd6 23. Kg1 Kf8 24. Nc6 Rd7 25. Ne5 Rdd8 26. Nc6 Rd7 27. Ne5 Rdd8 1/2-1/2

[Event "CAN-op"]
[Site "Kapuskasing CAN"]
[Date "2004.07.16"]
[Round "8"]
[White "Hajiyev, Elshad"]
[Black "Miller, Evgeny"]
[Result "0-1"]
[WhiteElo "1978"]
[BlackElo "2193"]
[PlyCount "74"]
[GameId "2160767911095382"]
[EventDate "2004.07.10"]
[EventType "swiss"]
[EventRounds "10"]
[EventCountry "CAN"]
[SourceTitle "EXT 2022"]
[Source "ChessBase"]
[SourceDate "2021.10.06"]
[SourceVersion "1"]
[SourceVersionDate "2021.10.06"]
[SourceQuality "1"]

1. e4 c6 2. d4 d5 3. e5 Bf5 4. Nc3 e6 5. g4 Bg6 6. Nge2 Nd7 7. f4 h5 8. g5 h4 9. Bh3 Ne7 10. Be3 Bf5 11. Bg2 Bg4 12. O-O Nf5 13. Qd2 Bb4 14. a3 Nb6 15. Qd3 Nc4 16. Bc1 Bxc3 17. bxc3 Qb6 18. Re1 Rc8 19. h3 Bh5 20. Kh2 Bg6 21. Qf3 Ne7 22. Qf2 Bxc2 23. Ng1 Bf5 24. Nf3 Qb3 25. Bd2 Ng6 26. a4 Qb2 27. Kg1 Nxd2 28. Nxd2 Qxc3 29. Rac1 Qg3 30. Rf1 Bxh3 31. Qxg3 hxg3 32. Nb3 Ke7 33. Rc3 Bxg2 34. Kxg2 Rh2+ 35. Kxg3 Rch8 36. Rcf3 R2h3+ 37. Kg2 Rxf3 0-1

[Event "CAN-op"]
[Site "Kapuskasing CAN"]
[Date "2004.07.16"]
[Round "8"]
[White "Hervieux, Donald"]
[Black "Harper, Ryan"]
[Result "0-1"]
[WhiteElo "1876"]
[BlackElo "2192"]
[PlyCount "38"]
[GameId "2160767911095383"]
[EventDate "2004.07.10"]
[EventType "swiss"]
[EventRounds "10"]
[EventCountry "CAN"]

1. g3 Nf6 2. d3 d5 3. Nf3 c6 4. Bg2 Bf5 5. Nbd2 h6 6. O-O e6 7. b3 Nbd7 8. Bb2 Bc5 9. Qe1 O-O 10. e4 Bh7 11. Kh1 Kh8 12. Qe2 a5 13. Nh4 a4 14. a3 axb3 15. cxb3 Qb6 16. f4 Bd4 17. Bxd4 Qxd4 18. Nhf3 Qb6 19. b4 Kg8 0-1

[Event "CAN-op"]
[Site "Kapuskasing CAN"]
[Date "2004.07.16"]
[Round "8"]
[White "Huzman, Alexander"]
[Black "Kudrin, Sergey"]
[Result "1/2-1/2"]
[WhiteElo "2588"]
[BlackElo "2541"]
[PlyCount "85"]
[GameId "2160767911095384"]
[EventDate "2004.07.10"]
[EventType "swiss"]
[EventRounds "10"]
[EventCountry "CAN"]
[SourceTitle "CBM 101 Extra"]
[Source "ChessBase"]
[SourceDate "2004.09.01"]
[SourceVersion "2"]
[SourceVersionDate "2004.09.01"]
[SourceQuality "1"]

1. Nf3 g6 2. c4 Bg7 3. d4 Nf6 4. Nc3 d5 5. cxd5 Nxd5 6. e4 Nxc3 7. bxc3 c5 8. Rb1 O-O 9. Be2 b6 10. O-O Bb7 11. Qd3 Ba6 12. Qe3 e6 13. Bxa6 Nxa6 14. Qe2 Qc8 15. Bf4 Rd8 16. Rfd1 Qb7 17. Ne5 Nb8 18. d5 Bxe5 19. Bxe5 Nd7 20. Bg3 e5 21. Bh4 f6 22. Bg3 Re8 23. a4 a5 24. Qc4 Kg7 25. f4 Qc7 26. fxe5 fxe5 27. Qb5 Rac8 28. Rf1 Qd6 29. Rf3 Rf8 30. Rxf8 Kxf8 31. c4 Kg8 32. Qb2 Rf8 33. h3 h6 34. Qe2 Kg7 35. Qg4 Rf6 36. Rb3 Qe7 37. Rf3 Rxf3 38. gxf3 Kf7 39. f4 Nf6 40. Qf3 exf4 41. Qxf4 Qxe4 42. Qc7+ Kf8 43. Qd8+ 1/2-1/2

[Event "CAN-op"]
[Site "Kapuskasing CAN"]
[Date "2004.07.16"]
[Round "8"]
[White "Jonkman, Harmen"]
[Black "Kret, Ted"]
[Result "1-0"]
[WhiteElo "2425"]
[BlackElo "2142"]
[PlyCount "57"]
[GameId "2160767911095385"]
[EventDate "2004.07.10"]
[EventType "swiss"]
[EventRounds "10"]
[EventCountry "CAN"]
[SourceTitle "CBM 101 Extra"]
[Source "ChessBase"]
[SourceDate "2004.09.01"]
[SourceVersion "2"]
[SourceVersionDate "2004.09.01"]
[SourceQuality "1"]

1. e4 e6 2. d4 d5 3. e5 c5 4. c3 Nc6 5. Nf3 Qb6 6. a3 c4 7. Nbd2 Na5 8. h4 Bd7 9. h5 Ne7 10. g3 Rc8 11. Bh3 Nb3 12. Nxb3 Ba4 13. O-O Qxb3 14. Qe1 Nc6 15. Nh4 Be7 16. Ng2 Qc2 17. Ne3 Qd3 18. Nxd5 Na5 19. Nxe7 Kxe7 20. Bg5+ Ke8 21. f4 Bc2 22. Qf2 h6 23. Bh4 Rc6 24. Rac1 Ba4 25. f5 Rf8 26. fxe6 Rc7 27. e7 Rxe7 28. Bxe7 Kxe7 29. Bf5 1-0

[Event "CAN-op"]
[Site "Kapuskasing CAN"]
[Date "2004.07.16"]
[Round "8"]
[White "Krnan, Tomas"]
[Black "Mikhalevski, Victor"]
[Result "1/2-1/2"]
[WhiteElo "2397"]
[BlackElo "2551"]
[PlyCount "140"]
[GameId "2160767911095387"]
[EventDate "2004.07.10"]
[EventType "swiss"]
[EventRounds "10"]
[EventCountry "CAN"]

1. e4 e5 2. Nf3 Nc6 3. Bb5 a6 4. Ba4 Nf6 5. O-O Nxe4 6. d4 b5 7. Bb3 d5 8. dxe5 Be6 9. c3 Be7 10. Be3 Nc5 11. Bc2 Nd7 12. Re1 Ndxe5 13. Nxe5 Nxe5 14. Bd4 Ng6 15. Bxg7 Rg8 16. Bxg6 Rxg7 17. Rxe6 hxg6 18. Re5 c6 19. Nd2 Kf8 20. Nf3 Rh7 21. Qd3 Bf6 22. Re2 Kg7 23. Rae1 Qd7 24. Ne5 Qd6 25. h3 Re8 26. Ng4 Rxe2 27. Qxe2 Rh8 28. Qd2 Rd8 29. h4 Kf8 30. Nxf6 Qxf6 31. Qd4 Kg7 32. Re7 c5 33. Qxc5 d4 34. Qc7 dxc3 35. Qxc3 Rd1+ 36. Kh2 Rd4 37. Re3 b4 38. Qc2 Qd6+ 39. Kh3 Rd2 40. Qb3 Rxf2 41. Rf3 Rxf3+ 42. Qxf3 Qe6+ 43. Qg4 Qe3+ 44. Qg3 Qe2 45. Qb3 Qd2 46. a3 a5 47. axb4 axb4 48. Kg3 Qd4 49. Kh3 Qd7+ 50. Kg3 Qd6+ 51. Kf3 Qd4 52. g3 Qd2 53. Kg4 Qf2 54. Kh3 Qf1+ 55. Kh2 Qe2+ 56. Kh3 Qe4 57. Kh2 Qe2+ 58. Kh3 Qd2 59. Kg4 Kf8 60. Kf3 Kg8 61. Kg4 Qe2+ 62. Kh3 Qe4 63. Kh2 Kg7 64. Qd1 Qe3 65. b3 Qc3 66. Qd5 Qe3 67. Qd1 Qe4 68. Qd2 Kg8 69. Qd8+ Kh7 70. Qd2 Kg7 1/2-1/2

[Event "CAN-op"]
[Site "Kapuskasing CAN"]
[Date "2004.07.16"]
[Round "8"]
[White "Lipnowski, Samuel"]
[Black "Robinson, Kenneth"]
[Result "1/2-1/2"]
[WhiteElo "2127"]
[BlackElo "1944"]
[PlyCount "72"]
[GameId "2160767911095389"]
[EventDate "2004.07.10"]
[EventType "swiss"]
[EventRounds "10"]
[EventCountry "CAN"]

1. e4 e5 2. Nf3 Nc6 3. Bb5 a6 4. Bxc6 dxc6 5. O-O Bg4 6. h3 Bxf3 7. Qxf3 Nf6 8. d3 Be7 9. Be3 O-O 10. Nd2 h6 11. Qg3 Kh8 12. Qxe5 Ng8 13. Qd4 Qc8 14. Nf3 Qe6 15. Qe5 Qd7 16. Qc3 Rae8 17. Bd4 f6 18. Nh4 Kh7 19. f4 b6 20. f5 Rd8 21. Be3 h5 22. Ng6 Rfe8 23. Nxe7 Nxe7 24. Rf4 c5 25. Raf1 Nd5 26. exd5 Rxe3 27. Re4 Re8 28. Rxe8 Qxe8 29. Qc4 Re2 30. Rf2 Qe3 31. Qf4 Qxf4 32. Rxf4 Rxc2 33. Rf2 Rc1+ 34. Rf1 Rc2 35. Rf2 Rc1+ 36. Rf1 Rc2 1/2-1/2